Justin Long Filmography - Statistics

General Stats
  • This quiz has been taken 31 times
    5 since last reset
  • The average score is 45 of 148
Answer Stats
Type Year Name % Correct
Film 2004 DodgeBall: A True Underdog Story
100%
Film 2006 Accepted
67%
Film 2010 Alpha and Omega
67%
Film 2007 Alvin and the Chipmunks
67%
Film 2002 Crossroads
67%
Film 2006 Dreamland
67%
Film 1999 Galaxy Quest
67%
Film 2004 Hair High
67%
Film 2001 Happy Campers
67%
Film 2005 Herbie: Fully Loaded
67%
Film 2006 Idiocracy
67%
Film 2001 Jeepers Creepers
67%
Film 2003 Jeepers Creepers 2
67%
Film 2008 Just Add Water
67%
Film 2007 Live Free or Die Hard
67%
Film 2004 Raising Genius
67%
Short Film 2005 Robin's Big Date
67%
Film 2008 Strange Wilderness
67%
Film 2006 The Break-Up
67%
Film 2006 The Sasquatch Gang
67%
Film 2005 Waiting...
67%
Film 2004 Wake Up, Ron Burgundy: The Lost Movie
67%
Film 2011 10 Years
33%
Film 2013 A Case of You
33%
Film 2019 After Class
33%
Film 2009 After.Life
33%
Film 2011 Alvin and the Chipmunks: Chipwrecked
33%
Film 2015 Alvin and the Chipmunks: The Road Chip
33%
Film 2009 Alvin and the Chipmunks: The Squeakquel
33%
Film 2017 And Then I Go
33%
Web Series 2021 Archibald's Next Big Thing Is Here
33%
Film 2014 Ask Me Anything
33%
TV Show 2019 Ballers
33%
Film 2022 Barbarian
33%
Film 2012 Best Man Down
33%
Short Film 2009 Beyond All Boundaries
33%
TV Show 2006 Campus Ladies
33%
Film 2022 Christmas with the Campbells
33%
Film 2022 Clerks III
33%
Film 2014 Comet
33%
Film TBA Coyote
33%
TV Show 2009 Crappy Holidays Presents...
33%
Web Series 2021 Creepshow
33%
Film 2023 Dear David
33%
Web Series 2017 Do You Want to See a Dead Body?
33%
Film 2009 Drag Me to Hell
33%
Short Documentary 2009 Drag Me to Hell: The Production Diaries
33%
TV Show 2015, 2018, 2019 Drunk History
33%
Short Film 2018 Duck: A Film by Kevin Bacon
33%
TV Show 2000-2004 Ed
33%
Web Series 2015-2021 F Is for Family
33%
Film 2012 For a Good Time, Call...
33%
Film 2016 Frank & Lola
33%
Short Film 2011 Free Hugs
33%
Film 2009 Funny People
33%
Film 2016 Ghost Team
33%
TV Show 2019 Giri/Haji
33%
Film 2010 Going the Distance
33%
Web Series 2023 Goosebumps
33%
Film 2009 He's Just Not That into You
33%
Film 2022 House of Darkness
33%
Film TBA In Memoriam
33%
TV Show 2015 Inside Amy Schumer
33%
Film 2013 iSteve
33%
Film 2023 It's a Wonderful Knife
33%
Film 2019 Jay and Silent Bob Reboot
33%
TV Show 2006, 2007 King of the Hill
33%
Film 2021 Lady of the Manor
33%
Film 2016 Lavender
33%
Film TBA Lice
33%
Film 2017 Literally, Right Before Aaron
33%
Web Series 2021 Masters of the Universe: Revelation
33%
Short Film 2012 Mitt's Office
33%
TV Show 2013 Mom
33%
Film 2013 Movie 43
33%
TV Show 2011-2012, 2015 New Girl
33%
Film TBA Night Patrol
33%
Film 2009 Old Dogs
33%
Film 2009 Planet 51
33%
Short Film 2017 Play Dodgeball with Ben Stiller
33%
TV Show 2015 Portlandia
33%
TV Show 2009 Saturday Night Live
33%
Film 2009 Serious Moonlight
33%
Web Series 2020 Shop Class
33%
Web Series 2016-2018 Skylanders Academy
33%
TV Pilot 2014 Sober Companion
33%
Film 2024 Spin the Bottle
33%
Film 2009 Still Waiting...
33%
Film TBA Stranglehold
33%
Film 2009 Taking Chances
33%
Film 2017 Tall Tales from the Magical Garden of Antoon Kings
33%
TV Show 2006 That '70s Show
33%
Film 2024 The 4:30 Movie
33%
Film 2023 The Christmas Break
33%
TV Show 2018 The Conners
33%
Film 2010 The Conspirator
33%
Film 2014 The Lookalike
33%
TV Show 2014 The Michael J. Fox Show
33%
TV Show 2025 The Neighborhood
33%
Podcast 2020 The Pack Podcast
33%
Film 2019 The Wave
33%
TV Show 2014 TripTank
33%
Short Film 2016 Trump Baby
33%
Film 2014 Tusk
33%
TV Show 2012 Unsupervised
33%
Film 2014 Veronica Mars
33%
Film 2007 Walk Hard: The Dewey Cox Story
33%
Documentary 2013 Walking with Dinosaurs 3D
33%
Documentary Series 2017 Who Is?
33%
Film 2016 Yoga Hosers
33%
Film TBA You Deserve Each Other
33%
Film 2009 Youth in Revolt
33%
Film 2008 Zack and Miri Make a Porno
33%
Award Show 2005 2005 MTV Movie Awards
0%
Documentary TBA And Then the Climate Changed
0%
Commercial 2006 Apple
0%
Music Video 2002 Boys
0%
TV Show 2021 Celebrity Family Feud
0%
TV Show 2020 Celebrity Game Face
0%
TV Show 2025 Celebrity Wheel of Fortune
0%
Theater 2015 Chewing Gum Dreams | An Intervention
0%
Theater 2019 Do You Feel Anger?
0%
TV Pilot 2016 Dream Team
0%
Theater 2010 Filthy Talk for Troubled Times: Scenes of Intolerance
0%
Short Film 2008 Fraternity School Shopping
0%
TV Show 2015, 2016 Hollywood Game Night
0%
TV Show 2025 Hollywood Squares
0%
TV Show 2023 Jeopardy!
0%
Podcast 2019-Present Life Is Short with Justin Long
0%
Theater 2014 Living on Love
0%
TV Show 2017, 2021 Match Game
0%
Theater 2011 One Slight Hitch
0%
TV Show 2017 People Talking Sports: And Other Stuff
0%
Commercial 2003 Pepsi Vanilla
0%
Theater 2017 Picasso at the Lapin Agile
0%
Theater 2016 Romance Novel for Dummies
0%
Theater 2010 Samuel J. and K.
0%
Theater 2012 Seminar
0%
Short Film 2011 That Is All
0%
Theater 2003 The 24 Hour Plays 2003
0%
Theater 2004 The 24 Hour Plays 2004
0%
Theater 2008 The 24 Hour Plays 2008
0%
Theater 2000 The Hot | Baltimore
0%
Web Series 2023 The Kardashians
0%
Audiobook 2002 Then Again, Maybe I Won't
0%
Web Mini-Series 2017 The Real Stephen Blatt
0%
TV Show 2010 WWE Raw
0%
Short Film 2009 Zac Efron's Pool Party
0%
No matching quizzes found
Score Distribution
Percent of People with Each Score
Percentile by Number Answered
Your Score History
You have not taken this quiz since the last reset